Monumenta Asiae Minoris antiqua
Αποθηκεύτηκε σε:
| Άλλοι συγγραφείς: | |
|---|---|
| Μορφή: | Βιβλίο |
| Γλώσσα: | English |
| Δημοσίευση: |
London :
Society for the Promotion of Roman Studies,
1993.
|
| Σειρά: | Journal of Roman studies monographs ;
7 |
| Θέματα: | |
| Ετικέτες: |
Προσθήκη ετικέτας
Δεν υπάρχουν, Καταχωρήστε ετικέτα πρώτοι!
|
MARC
| LEADER | 00000cam a2200000 i 4500 | ||
|---|---|---|---|
| 001 | 1/5025 | ||
| 008 | 000602s1993 enk| ||| |||| ||eng|| | ||
| 020 | |a 0907764185 | ||
| 035 | |l 10061440 | ||
| 040 | |a GR-MyUa |b gre |e AACR2 | ||
| 041 | 0 | |a eng | |
| 082 | 7 | |a 731.7609392 |2 (22) | |
| 245 | 0 | 0 | |a Monumenta Asiae Minoris antiqua / |c edited by B. Levick...[et al.]. |
| 260 | |a London : |b Society for the Promotion of Roman Studies, |c 1993. | ||
| 300 | |a lvi, 201 σ. ; |c 29 εκ. | ||
| 490 | 1 | |a (Journal of Roman studies monographs ; |v 7) | |
| 500 | |a Περιλαμβάνει ευρετήριο. | ||
| 505 | 0 | |a Τ. 7. Monuments from the upper Tembris Valley, Cotiaeum, Cadi, Synaus, Ancyra and Tiberiopolis / recorde by C. W. M. Cox, A. Cameron and J. Cullen. | |
| 650 | 0 | |a Inscriptions, Greek |z Turkey. | |
| 651 | 0 | |a Turkey |x Antiquities. | |
| 700 | 1 | |a Levick, Barbara, |e edtf | |
| 830 | 0 | |a Journal of Roman studies monographs ; |v 7 | |
| 852 | |a INST |b LESVOS |e 20000602 |h 731.7609392 MON |p 005100024113 |q 005100024113 |t BK |y 0 |z v.X | ||
| 852 | |a INST |b LESVOS |e 20000602 |h 731.7609392 MON |p 005100024113 |q 005100024113 |t BK |v v.X: |y 0 |z v.X | ||
| 853 | |a INST |b LESVOS |h 731.7609392 MON | ||
| 901 | |a BIBL1-2000-2 | ||
| 922 | |a 1ΕΛΗ |b 200005 |c ΚΠΣ/ΤΓ |d LEADER | ||
| 950 | |a 118-1999-09-20 | ||
| 970 | |a ΚΑΜΑΤΣΟΥ |b ΔΕΣΠΟΙΝΑ |z 2000/06/14 | ||